00802nam a22002297a 4500003000900000005001700009007000300026008004100029020001800070040002500088082001600113100003100129245004700160260006400207300002100271500007500292590002700367910001400394942001400408952013300422999001700555DO-SdBNP20220520084649.0ta110301s2013 dr 000 p spa d a9789945475777 aDO-SdBNPbspacBNPHU 4axxxxbC764s1 aContreras, Marivell95301813aEl silencio de abril /cMarivell Contreras aSanto Domingo :bRumbo Este,bMinisterio de Cultura,c2013. a125 p. :c23 cm. aIncluye datos biográficos de la autora en la solapa de la portada.  aInventariado, 2022/ YL aYLockward 2ddccLBS1 00102ddc53708PDaBNPHUbBNPHUcHDd2021-08-26eAimee Flores Jiminianl0oxxxx C764sp2022-2251r2022-05-20w2022-05-20yLBS1 c51769d51769